000 00569nam a2200229Ia 4500
003 OSt
005 20221005120646.0
006 a|||||r|||| 00| 0
007 ta
008 221004b |||||||| |||| 00| 0 kan d
024 _a59756
037 _cTextual
040 _aCRL
_cCRL
_bkan
041 _2kan
_akan
082 _aO33,1F50:g, L3
100 _aSitaramaiah
_9629488
245 0 _aEraanaya nagavavarme
260 _c1973
650 _aKANNAD LITERATURE
942 _hO33,1F50:g, L3
_cTEXL
_2cc
999 _c1038721
_d1038721